000 00334nam a22001457a 4500
008 210311b ||||| |||| 00| 0 eng d
020 _a9780673522559
041 _aeng
080 _24th
_a572
082 _24th
_a572
100 _a24
101 _aANT
245 _aContemporary Cultural Anthropology
_cHoward,C.M
942 _2udc
_cBK
999 _c56343
_d56343